Sports Quiz

Random Sports or Basketball Quiz

International Basketball: Canada Quiz Stats

 Plays Quiz not verified by Sporcle

Challenge
Share
Tweet
Embed
Score 0/192 Timer 18:00
0 Plays Today
year player % Correct
1994 - FIBA World CupSteve Nash
96.6%
1995 - FIBA AmericasSteve Nash
96.6%
1997 - FIBA AmericasSteve Nash
96.6%
1999 - FIBA AmericasSteve Nash
96.6%
2000 - Olympic GamesSteve Nash
96.6%
2001 - FIBA AmericasSteve Nash
96.6%
2003 - FIBA AmericasSteve Nash
96.6%
2015 - FIBA AmericasAndrew Wiggins
88.4%
2015 - FIBA AmericasAnthony Bennett
68.1%
2013 - FIBA AmericasTristan Thompson
66.3%
2015 - FIBA AmericasNik Stauskas
49.3%
2015 - FIBA AmericasKelly Olynyk
49.3%
1994 - FIBA World CupRick Fox
48.3%
2015 - FIBA AmericasCory Joseph
47.8%
2010 - FIBA World CupKelly Olynyk
44.9%
2011 - FIBA AmericasCory Joseph
44.9%
2011 - FIBA AmericasKelly Olynyk
44.9%
2013 - FIBA AmericasCory Joseph
44.9%
2013 - FIBA AmericasDevoe Joseph
44.9%
2007 - FIBA AmericasAndy Rautins
41.6%
2009 - FIBA AmericasAndy Rautins
41.6%
2010 - FIBA World CupAndy Rautins
41.6%
2011 - FIBA AmericasAndy Rautins
41.6%
2013 - FIBA AmericasAndy Rautins
41.6%
2007 - FIBA AmericasSamuel Dalembert
39.3%
2009 - FIBA AmericasJoel Anthony
38.2%
2010 - FIBA World CupJoel Anthony
38.2%
2011 - FIBA AmericasJoel Anthony
38.2%
2013 - FIBA AmericasJoel Anthony
38.2%
1999 - FIBA AmericasRichard Anderson
37.1%
2002 - FIBA World CupRichard Anderson
37.1%
2005 - FIBA AmericasJermaine Anderson
37.1%
2005 - FIBA AmericasRichard Anderson
37.1%
2007 - FIBA AmericasJermaine Anderson
37.1%
2009 - FIBA AmericasJermaine Anderson
37.1%
2010 - FIBA World CupJermaine Anderson
37.1%
2011 - FIBA AmericasJermaine Anderson
37.1%
2013 - FIBA AmericasJermaine Anderson
37.1%
2015 - FIBA AmericasAaron Doornekamp
36.2%
2015 - FIBA AmericasAndrew Nicholson
33.3%
2005 - FIBA AmericasCarl English
31.5%
2007 - FIBA AmericasCarl English
31.5%
2009 - FIBA AmericasCarl English
31.5%
2011 - FIBA AmericasCarl English
31.5%
2013 - FIBA AmericasAndrew Nicholson
31.5%
2005 - FIBA AmericasNate Doornekamp
30.3%
2009 - FIBA AmericasAaron Doornekamp
30.3%
2010 - FIBA World CupAaron Doornekamp
30.3%
2011 - FIBA AmericasAaron Doornekamp
30.3%
2013 - FIBA AmericasAaron Doornekamp
30.3%
2015 - FIBA AmericasRobert Sacre
26.1%
2005 - FIBA AmericasLevon Kendall
23.6%
2007 - FIBA AmericasLevon Kendall
23.6%
2009 - FIBA AmericasLevon Kendall
23.6%
2010 - FIBA World CupRobert Sacre
23.6%
2010 - FIBA World CupLevon Kendall
23.6%
2011 - FIBA AmericasLevon Kendall
23.6%
2013 - FIBA AmericasLevon Kendall
23.6%
2015 - FIBA AmericasBrady Heslip
23.2%
1994 - FIBA World CupJ.D. Jackson
21.3%
2015 - FIBA AmericasMelvin Ejim
20.3%
2003 - FIBA AmericasDenham Brown
20.2%
2005 - FIBA AmericasDenham Brown
20.2%
2007 - FIBA AmericasDenham Brown
20.2%
year player % Correct
2010 - FIBA World CupDenham Brown
20.2%
2011 - FIBA AmericasDenham Brown
20.2%
2001 - FIBA AmericasJerome Robinson
19.1%
2002 - FIBA World CupNovell Thomas
19.1%
2002 - FIBA World CupDave Thomas
19.1%
2003 - FIBA AmericasNovell Thomas
19.1%
2007 - FIBA AmericasDave Thomas
19.1%
1998 - FIBA World CupTodd MacCulloch
18%
1999 - FIBA AmericasTodd MacCulloch
18%
2000 - Olympic GamesTodd MacCulloch
18%
2001 - FIBA AmericasTodd MacCulloch
18%
2013 - FIBA AmericasBrady Heslip
18%
2015 - FIBA AmericasPhilip Scrubb
17.4%
2015 - FIBA AmericasDwight Powell
17.4%
1995 - FIBA AmericasMichael Meeks
16.9%
1997 - FIBA AmericasMichael Meeks
16.9%
1998 - FIBA World CupMichael Meeks
16.9%
1999 - FIBA AmericasMichael Meeks
16.9%
2000 - Olympic GamesMichael Meeks
16.9%
2001 - FIBA AmericasMichael Meeks
16.9%
2002 - FIBA World CupMichael Meeks
16.9%
1994 - FIBA World CupGreg Wiltjer
15.7%
1995 - FIBA AmericasGreg Wiltjer
15.7%
1994 - FIBA World CupMike Smrek
13.5%
1997 - FIBA AmericasEli Pasquale
13.5%
1997 - FIBA AmericasRowan Barrett
13.5%
1998 - FIBA World CupRowan Barrett
13.5%
1999 - FIBA AmericasRowan Barrett
13.5%
2000 - Olympic GamesRowan Barrett
13.5%
2002 - FIBA World CupRowan Barrett
13.5%
2003 - FIBA AmericasRowan Barrett
13.5%
1994 - FIBA World CupJoey Vickery
11.2%
1995 - FIBA AmericasJoey Vickery
11.2%
1997 - FIBA AmericasJoey Vickery
11.2%
1998 - FIBA World CupJoey Vickery
11.2%
2001 - FIBA AmericasDean Walker
11.2%
1995 - FIBA AmericasSherman Hamilton
7.9%
1997 - FIBA AmericasSherman Hamilton
7.9%
1998 - FIBA World CupSherman Hamilton
7.9%
1999 - FIBA AmericasSherman Hamilton
7.9%
2000 - Olympic GamesSherman Hamilton
7.9%
2001 - FIBA AmericasSherman Hamilton
7.9%
2002 - FIBA World CupSherman Hamilton
7.9%
2003 - FIBA AmericasJesse Young
7.9%
2007 - FIBA AmericasJesse Young
7.9%
2009 - FIBA AmericasJesse Young
7.9%
2011 - FIBA AmericasJesse Young
7.9%
1998 - FIBA World CupDavid Daniels
5.6%
2000 - Olympic GamesDavid Daniels
5.6%
2001 - FIBA AmericasDavid Daniels
5.6%
1998 - FIBA World CupGreg Newton
4.5%
1999 - FIBA AmericasGreg Newton
4.5%
1999 - FIBA AmericasShawn Swords
4.5%
2000 - Olympic GamesShawn Swords
4.5%
2000 - Olympic GamesGreg Newton
4.5%
2001 - FIBA AmericasShawn Swords
4.5%
2002 - FIBA World CupShawn Swords
4.5%
2003 - FIBA AmericasShawn Swords
4.5%
2003 - FIBA AmericasGreg Newton
4.5%
2009 - FIBA AmericasKyle Landry
4.5%
1994 - FIBA World CupDwight Walton
3.4%
1995 - FIBA AmericasDwight Walton
3.4%
1998 - FIBA World CupPeter Guarasci
3.4%
1999 - FIBA AmericasPeter Guarasci
3.4%
year player % Correct
2000 - Olympic GamesPeter Guarasci
3.4%
2001 - FIBA AmericasPeter Guarasci
3.4%
2003 - FIBA AmericasPeter Guarasci
3.4%
2007 - FIBA AmericasOlu Famutimi
3.4%
2009 - FIBA AmericasOlu Famutimi
3.4%
2010 - FIBA World CupOlu Famutimi
3.4%
2013 - FIBA AmericasJunior Cadougan
3.4%
1994 - FIBA World CupRonn McMahon
2.2%
1994 - FIBA World CupWilliam Njoku
2.2%
1995 - FIBA AmericasBobby Allen
2.2%
1995 - FIBA AmericasWilliam Njoku
2.2%
1997 - FIBA AmericasWilliam Njoku
2.2%
1997 - FIBA AmericasRob Wilson
2.2%
1998 - FIBA World CupGreg Francis
2.2%
1998 - FIBA World CupWilliam Njoku
2.2%
2000 - Olympic GamesGreg Francis
2.2%
2003 - FIBA AmericasGreg Francis
2.2%
2005 - FIBA AmericasJermaine Bucknor
2.2%
2007 - FIBA AmericasRyan Bell
2.2%
2009 - FIBA AmericasRyan Bell
2.2%
2009 - FIBA AmericasJermaine Bucknor
2.2%
2010 - FIBA World CupRyan Bell
2.2%
2010 - FIBA World CupJermaine Bucknor
2.2%
2010 - FIBA World CupJevohn Shepherd
2.2%
2011 - FIBA AmericasJevohn Shepherd
2.2%
2013 - FIBA AmericasJevohn Shepherd
2.2%
1994 - FIBA World CupKory Hallas
1.1%
1994 - FIBA World CupMartin Keane
1.1%
1995 - FIBA AmericasPhil Dixon
1.1%
1995 - FIBA AmericasMartin Keane
1.1%
1995 - FIBA AmericasKory Hallas
1.1%
1997 - FIBA AmericasMartin Keane
1.1%
1998 - FIBA World CupKory Hallas
1.1%
1998 - FIBA World CupMartin Keane
1.1%
1999 - FIBA AmericasAndrew Mavis
1.1%
1999 - FIBA AmericasJordie McTavish
1.1%
2000 - Olympic GamesAndrew Mavis
1.1%
2002 - FIBA World CupStephen Ross
1.1%
2003 - FIBA AmericasMike King
1.1%
2005 - FIBA AmericasRandy Nohr
1.1%
2005 - FIBA AmericasJuan Mendez
1.1%
2007 - FIBA AmericasVladimir Kuljanin
1.1%
2007 - FIBA AmericasJuan Mendez
1.1%
1994 - FIBA World CupSpencer McKay
0%
1995 - FIBA AmericasWayne Yearwood
0%
1997 - FIBA AmericasPeter van Eiolswyk
0%
1997 - FIBA AmericasPascal Fleuryn
0%
1997 - FIBA AmericasWayne Yearwood
0%
1999 - FIBA AmericasKeith Vassell
0%
2000 - Olympic GamesEric Hinrichsen
0%
2001 - FIBA AmericasProsper Karangwa
0%
2001 - FIBA AmericasAndrew Kwiatkowski
0%
2001 - FIBA AmericasKevin Jobity
0%
2002 - FIBA World CupTitus Channer
0%
2002 - FIBA World CupProsper Karangwa
0%
2002 - FIBA World CupGreg Meldrum
0%
2002 - FIBA World CupKevin Jobity
0%
2003 - FIBA AmericasProsper Karangwa
0%
2003 - FIBA AmericasAndrew Kwiatkowski
0%
2005 - FIBA AmericasJames Gillingham
0%
2005 - FIBA AmericasVidal Massiah
0%
2005 - FIBA AmericasKevin Jobity
0%
2009 - FIBA AmericasTyler Kepkey
0%
2011 - FIBA AmericasJeff Ferguson
0%

You're not logged in!

Compare scores with friends on all Sporcle quizzes.
Join for Free
OR
Log In

You Might Also Like...

Show Comments

Extras

Top Quizzes Today


Score Distribution

Your Account Isn't Verified!

In order to create a playlist on Sporcle, you need to verify the email address you used during registration. Go to your Sporcle Settings to finish the process.

Report this User

Report this user for behavior that violates our Community Guidelines.

Details: